| 000 | 00803nam a2200241 4500 | ||
|---|---|---|---|
| 001 | 120044 | ||
| 003 | ES-MaACL | ||
| 005 | 20230906191444.0 | ||
| 007 | t| | ||
| 008 | 070214s1983 sp r ||||1| spa d | ||
| 020 | _a84-7479-211-8 | ||
| 100 | 1 |
_aPérez Touriño, Emilio. _991180 |
|
| 245 | 1 | 0 |
_aAgricultura y capitalismo _b: análisis de la pequeña producción campesina / _cEmilio Pérez Touriño. |
| 260 |
_aMadrid : _bServicio de Publicaciones Agrarias, _c1983. |
||
| 300 |
_a332 p. ; _c20 cm. |
||
| 490 | 1 | _aEstudios | |
| 504 | _aBibliografía: p. 315-327. | ||
| 650 | 0 | 0 |
_aAgricultura- _zEspaña. _99680 |
| 710 | 1 |
_aEspaña. _bMinisterio de Agricultura. _bServicio de Publicaciones Agrarias. _9172211 |
|
| 830 | 1 |
_aEstudios _9177349 |
|
| 852 |
_aES-MaACL _jL-5163 |
||
| 999 |
_c120044 _d120044 |
||